banner-ar

Historical dictionary of the Coptic Church / (Record no. 60586)

MARC details
000 -الفاتح
حقل البيانات ثابتة الطول 01002cam a2200265 a 4500
005 - وقت وتاريخ اخر تعامل مع التسجيلة
رقم الضبط 20240530110417.0
008 - عناصر البيانات ثابتة الطول - معلومات عامة
حقل البيانات ثابتة الطول 080124s2008 ua f bd 000 0 eng
020 ## - الرقم الدولى المعيارى للكتب
الرقم الدولى المعيارى للكتاب 9789774162374
035 ## - رقم ضبط النظام
رقم ضبط النظام (OCoLC)ocn191865281
035 ## - رقم ضبط النظام
رقم ضبط النظام (OCoLC)191865281
040 ## - مصدر الفهرسة
وكالة الفهرسة الأصلية EG-CaGPL
وكالة النسخ EG-CaGPL
082 04 - رقم تصنيف ديوى العشرى
رقم الطبعة 21
رقم التصنيف 281.7203\
رقم المادة G H
100 1# - المدخل الرئيسى - إسم شخصى
الإسم الشخصى Gabra, Gawdat.
245 10 - بيان العنوان
العنوان Historical dictionary of the Coptic Church /
بيان المسئوليه,etc Gawdat Gabra ; with contributions by Birger A. Pearson, Mark N. Swanson, and Youhanna Nessim Youssef.
260 ## - PUBLICATION, DISTRIBUTION, ETC. (IMPRINT)
تاريخ النشر أو التوزيع 2008.
300 ## - الوصف المادى
التعداد xxii, 332 p. ;
أبعاد الوعاء 23 cm.
504 ## - تبصرة ببليوجرافية
تبصرة ببليوجرافية,الخ Includes bibliographical references (p. 273-330).
610 20 - المدخل الاضافى بالموضوع-اسم هيئة
اسم الهيئة أو اسم السلطة كمدخل Coptic Church
التقسيم الفرعي العام History
التقسيم الفرعي الشكلي Dictionaries.
700 1# - المدخل الاضافى - اسم شخصى
الإسم الشخصى Pearson, Birger A.
الشكل الأكمل للاسم (Birger Albert),
التواريخ المصاحبة للاسم 1934-
700 1# - المدخل الاضافى - اسم شخصى
الإسم الشخصى Swanson, Mark
الشكل الأكمل للاسم (Mark N.)
700 1# - المدخل الاضافى - اسم شخصى
الإسم الشخصى Youssef, Youhanna Nessim.
942 ## - عناصر المدخل الإضافي( كوها)
مصدر التصنيف او مخطط الترفيف Dewey Decimal Classification
Koha [default] item type كتاب
260 ## - PUBLICATION, DISTRIBUTION, ETC. (IMPRINT)
-- cairo :
-- the american university in cairo,
856 41 - الوصول و الموقع الالكترونى
مواد محددة Table of contents only
معرف المصدر الموحد http://www.loc.gov/catdir/toc/ecip0810/2008003511.html
Holdings
حالة التراجع حالة الفقد مصدر التصنيف او خطة الترفيف حالة تلف ليس للاعارة المكان المؤقت الموقع الحالى تاريخ الاكتساب اجمالي اﻻعارات رقم الطلب الباركود تاريخ اخر مشاهدة تاريخ تفعيل السعر نوع وعاء كوها
    ddc     مكتبة القاهرة الكبرى مكتبة القاهرة الكبرى 03/09/2015   281.7203\ G H 159683 03/09/2015 03/09/2015 كتاب

Powered By

EGPV